000 00356 a2200157 4500
001 54697
020 _a
040 _cAnchieta - Pituba
100 _aSILVA, Marcus Alessandro Santos
240 1 0 _a2ª História, II unidade
_lpor
245 1 0 _a2ª História, II unidade
300 _a13
362 0 _a2016
650 4 _aHistória do mundo
942 _cBK
999 _c54697
_d54697